Appendix A (covering list A1 and A2) and B of the plant protection agreement for the Asia and Pacific Region (Record no. 54344)

MARC details
000 -LEADER
fixed length control field 00586nam a2200181Ia 4500
100 ## - MAIN ENTRY--AUTHOR NAME
Personal name FAo Regional Office for Asia and the Pacific
245 #0 - TITLE STATEMENT
Title Appendix A (covering list A1 and A2) and B of the plant protection agreement for the Asia and Pacific Region
260 ## - PUBLICATION, DISTRIBUTION, ETC. (IMPRINT)
Name of publisher Technical Document - Asia and Pacific Plant Protection Commission
Year of publication 1991
300 ## - PHYSICAL DESCRIPTION
Number of Pages 19pp
500 ## - GENERAL NOTE
General note Source Year: 1992
650 ## - SUBJECT ADDED ENTRY--TOPICAL TERM
Topical Term Destructive pests
650 ## - SUBJECT ADDED ENTRY--TOPICAL TERM
Topical Term Hevea
650 ## - SUBJECT ADDED ENTRY--TOPICAL TERM
Topical Term Microcyclus ulei
650 ## - SUBJECT ADDED ENTRY--TOPICAL TERM
Topical Term SALB
856 ## - ELECTRONIC LOCATION AND ACCESS
Uniform Resource Identifier RPP
942 ## - ADDED ENTRY ELEMENTS (KOHA)
Koha item type Journals
Holdings
Withdrawn status Lost status Damaged status Not for loan Home library Current library Date acquired Serial Enumeration / chronology Koha item type
      Journals RRII Library RRII Library 17/12/2021 Volume nil, Issue 139 Journals